Living together : an ethnography of a retirement hotel /

Bibliographic Details
Main Author: Teski, Marea
Format: Book
Language:English
Published: Washington, D.C. : University Press of America, [1979]
Subjects:

MARC

Tag First Indicator Second Indicator Subfields
LEADER 00000cam a2200000 a 4500
001 in00000074632
005 20151008053614.0
008 800131s1979 dcuaf b 00010 eng d
010 |a  79088268  
020 |a 0819107697 
035 |a (OCoLC)05931252 
035 |9 AAH7995AM 
040 |a VZN  |c VZN  |d OCL  |d TXA  |d UtOrBLW 
049 |a TXAM  |c [1803466] 
090 |a HV1471.C38  |b T4 
100 1 |a Teski, Marea. 
245 1 0 |a Living together :  |b an ethnography of a retirement hotel /  |c Marea Teski. 
264 1 |a Washington, D.C. :  |b University Press of America,  |c [1979] 
264 4 |c ©1979 
300 |a 187 pages, 1 unnumbered page of plates :  |b illustrations ;  |c 21 cm. 
336 |a text  |b txt  |2 rdacontent 
337 |a unmediated  |b n  |2 rdamedia 
338 |a volume  |b nc  |2 rdacarrier 
504 |a Bibliography: pages 177-187. 
650 0 |a Old age homes  |z Illinois  |z Chicago  |x Case studies. 
650 0 |a Retirement, Places of  |z Illinois  |z Chicago  |x Case studies. 
999 |a MARS 
999 f f |s 9e7cd396-7f4b-33af-a6ba-f2e3c3396871  |i 70bfcb3f-86da-3855-8fc4-29f3cc1f3599  |t 0 
952 f f |p ric  |a Texas A&M University  |b Rellis Campus  |c Joint Library Facility  |d Remote Storage  |t 0  |e HV1471.C38 T4  |h Library of Congress classification  |i unmediated -- volume  |m A14806145994 
998 f f |a HV1471.C38 T4  |t 0  |l Remote Storage